Christopher Plummer Filmography - Statistics

General Stats
  • This quiz has been taken 48 times
    29 since last reset
  • The average score is 56 of 283
Answer Stats
Type Year Name % Correct
Film 1965 The Sound of Music
86%
Film 2019 Knives Out
67%
Film 2009 Up
57%
Video Game 2009 Up
57%
Film 2017 All the Money in the World
52%
Film 2010 Beginners
48%
Film 1999 The Insider
48%
Theater 1957 Hamlet
43%
Film 2006 Inside Man
43%
Film 1970 Waterloo
43%
Film 1969 Battle of Britain
38%
Film 1979 Murder by Decree
38%
Film 1964 The Fall of the Roman Empire
38%
Film 2011 The Girl with the Dragon Tattoo
38%
Film 2009 The Last Station
38%
Film 2017 The Star
38%
Film 1966 Triple Cross
38%
Film 2001 A Beautiful Mind
33%
Film 1981 Eyewitness
33%
Film 1992 Malcolm X
33%
Film 1991 Rock-a-Doodle
33%
Film 2005 Syriana
33%
Film 2006 The Lake House
33%
Film 1975 The Man Who Would Be King
33%
Film 2005 The New World
33%
Theater 2010 The Tempest
33%
Film 1958 Wind Across the Everglades
33%
Film 1995 12 Monkeys
29%
Film 2009 9
29%
Film 1986 An American Tail
29%
Film 2018 Boundaries
29%
Film 2007 Closing the Ring
29%
Film 1995 Dolores Claiborne
29%
Film 2014 Elsa & Fred
29%
Film 1966 Inside Daisy Clover
29%
Film 1978 International Velvet
29%
Film 1984 Lily in Love
29%
Theater 1962, 1988 Macbeth
29%
Film 2002 Nicholas Nickleby
29%
Film 1968 Nobody Runs Forever
29%
Film 1967 Oedipus the King
29%
Theater 1982 Othello
29%
Film 2015 Remember
29%
Film 1958 Stage Struck
29%
Film 1991 Star Trek VI: The Undiscovered Country
29%
Film 2016 The Exception
29%
Film 2014 The Forger
29%
Film 2003 The Gospel of John
29%
Film 2009 The Imaginarium of Doctor Parnassus
29%
Film 2019 The Last Full Measure
29%
Film 1975 The Return of the Pink Panther
29%
TV Film 1983 The Scarlet and the Black
29%
Film 1994 Wolf
29%
Film 2004 Alexander
24%
Film 2007 Already Dead
24%
Theater 1996-1998 Barrymore
24%
Film 2011 Barrymore
24%
Film 2019 Cliffs of Freedom
24%
TV Show 1990-1993 Counterstrike
24%
Film 1994 Crackerjack
24%
Film 2000 Dracula 2000
24%
Film 1987 Dragnet
24%
Film 1984 Dreamscape
24%
Film 2007 Emotional Arithmetic
24%
Film 1988 Gandahar
24%
Film 1979 Hanover Street
24%
Film 2023 Heroes of the Golden Masks
24%
Film 2016 Howard Lovecraft and the Frozen Kingdom
24%
Theater 2007 Inherit the Wind
24%
Theater 1960 King John
24%
Theater 2002, 2004 King Lear
24%
Film 2001 Lucky Break
24%
Film 2007 Man in the Chair
24%
Film 2005 Must Love Dogs
24%
Film 2009 My Dog Tulip
24%
Film 2004 National Treasure
24%
TV Film 2001 On Golden Pond
24%
Film 1985 Ordeal by Innocence
24%
TV Film 1997 Skeletons
24%
Film 1980 Somewhere in Time
24%
Film 1979 Starcrash
24%
Film 1981 The Amateur
24%
Film 1977 The Disappearance
24%
Video Game 2011 The Elder Scrolls V: Skyrim
24%
Film 2013 The Legend of Sarila
24%
Theater 1965-1966 The Royal Hunt of the Sun
24%
Film 1978 The Silent Partner
24%
TV Film 1959 A Doll's House
19%
TV Film 1974 After the Fall
19%
TV Film 2002 Agent of Influence
19%
TV Film 1990 A Ghost in Monte Carlo
19%
TV Film 1987 A Hazard of Hearts
19%
TV Film 1991 A Marriage: Georgia O'Keefe and Alfred Stieglitz
19%
TV Film 2000 American Tragedy
19%
Theater 1971 Amphitryon 38
19%
Film 2002 Ararat
19%
Film 1997 Babes in Toyland
19%
TV Show 1991 Berlin Lady
19%
TV Mini-Series 1991 Berlin Lady
19%
Film 1998 Blackheart
19%
Film 2003 Blizzard
19%
TV Show 1953 Broadway Television Theatre
19%
Theater 2008 Caesar and Cleopatra
19%
Film 2009 Caesar and Cleopatra
19%
TV Film 1960 Captain Brassbound's Conversion
19%
Film 2003 Cold Creek Manor
19%
Film 1975 Conduct Unbecoming
19%
TV Mini-Series 1986 Crossings
19%
TV Film 1962 Cyrano de Bergerac
19%
Theater 1962, 1971-1972, 1973-1974 Cyrano de Bergerac
19%
Web Series 2019-2021 Departure
19%
TV Film 1980 Desperate Voyage
19%
TV Film 1981 Dial 'M' for Murder
19%
TV Film 1971 Don Juan in Hell
19%
TV Show 1957, 1961 DuPont Show of the Month
19%
Short Film 2017 Elegy
19%
Film 1991 Firehead
19%
TV Film 2005 Four Minutes
19%
Film 2001 Full Disclosure
19%
TV Show 1956 General Electric Theater
19%
TV Film 1964 Hamlet at Elsinore
19%
TV Film 1995 Harrison Bergeron
19%
Film 2014 Hector and the Search for Happiness
19%
Theater 1956 Henry V
19%
Film 1984 Highpoint
19%
Theater 1954 Home Is the Hero
19%
Film 2018 Howard Lovecraft and the Kingdom of Madness
19%
Film 2017 Howard Lovecraft & the Undersea Kingdom
19%
Film 1987 I Love N.Y.
19%
Film 1992 Impolite
19%
Theater 1958-1959 J.B.
19%
TV Show 2020, 2021 Jeopardy!
19%
TV Mini-Series 1977 Jesus of Nazareth
19%
TV Film 1959 Johnny Belinda
19%
Video Game 2012 Kinect Rush: A Disney-Pixar Adventure
19%
TV Film 2001 Leo's Journey
19%
Film 1992 Liar's Edge
19%
Film 1969 Lock Up Your Daughters!
19%
TV Short 1988 Madeline
19%
TV Show 1990-1994 Madeline
19%
Film 1989 Mindfield
19%
Documentary Series 2005 Miracle Planet
19%
Film 1991 Money
19%
Film 2013 Muhammad Ali's Greatest Fight
19%
TV Short 1989 Nabokov on Kafka
19%
Theater 1994 No Man's Land
19%
Documentary 2006 Nuremberg: The Nazis Facing Their Crimes
19%
TV Film 2003 Odd Job Jack
19%
TV Show 1957-1959 Omnibus
19%
Documentary Series 1972 Omnibus
19%
TV Film 2005 Our Fathers
19%
Film 2015 Pixies
19%
TV Show 1961-1962 Playdate
19%
TV Film 2000 Possessed
19%
Film 2011 Priest
19%
TV Show 1955 Producers' Showcase
19%
TV Film 1983 Prototype
19%
Film 1990 Red Blooded American Girl
19%
TV Film 1979 Riel
19%
TV Film 1985 Rumpelstiltskin
19%
Film 1988 Shadow Dancing
19%
Film 1989 Souvenir
19%
TV Mini-Series 1986 Spearfield's Daughter
19%
Video Game 2000 Star Trek: Klingon Academy
19%
TV Show 1956 The Alcoa Hour
19%
TV Mini-Series 1997 The Arrow
19%
Film 1977 The Assignment
19%
Film 1986 The Boss' Wife
19%
Film 1986 The Boy in Blue
19%
Film 1998 The Clown at Midnight
19%
TV Show 1987 The Cosby Show
19%
Theater 1954-1955 The Dark Is Light Enough
19%
TV Film 2000 The Dinosaur Hunter
19%
Film 1998 The First Christmas
19%
Film 1987 The Gnomes' Great Adventure
19%
Theater 1973-1974 The Good Doctor
19%
Short Film 1974 The Happy Prince
19%
Theater 1955-1956 The Lark
19%
TV Documentary 1988 The Making of a Legend: Gone with the Wind
19%
Film 2017 The Man Who Invented Christmas
19%
Short Film 1987 The Man Who Planted Trees
19%
TV Film 1959 The Philadelphia Story
19%
Film 1973 The Pyx
19%
Theater 1963 The Resistible Rise of Arturo Ui
19%
TV Film 1968 The Secret of Michelangelo
19%
TV Film 1980 The Shadow Box
19%
Film 1975 The Spiral Staircase
19%
Theater 1954 The Starcross Story
19%
TV Mini-Series 2008 The Summit
19%
TV Mini-Series 1983 The Thorn Birds
19%
TV Film 1985 The Velveteen Rabbit
19%
TV Show 1987 The World of David the Gnome
19%
TV Film 1961 Time Remembered
19%
Film 1988 Vampire in Venice
19%
TV Film 1996 We the Jury
19%
TV Film 1981 When the Circus Came to Town
19%
Film 1990 Where the Heart Is
19%
TV Film 1998 Winchell
19%
TV Show 1974 Witness to Yesterday
19%
TV Film 1991 Young Catherine
19%
Documentary Series 2006 American Experience
14%
TV Film 1993 A Stranger in the Mirror
14%
Documentary 1981 Being Different
14%
Theater 1978 Drinks Before Dinner
14%
Film 1994 Felidae
14%
Film 2005 Heidi
14%
Film 1998 Hidden Agenda
14%
TV Show 1955 Kraft Television Theatre
14%
TV Mini-Series 1982 Little Gloria... Happy at Last
14%
Film 1999 Madeline: Lost in Paris
14%
Theater 1958, 1961 Much Ado About Nothing
14%
TV Show 1960 NBC Sunday Showcase
14%
TV Film 2002 Night Flight
14%
Theater 1956 Night of the Auk
14%
Theater 1961 Richard III
14%
TV Film 1992 Secrets
14%
Film 1977 Silver Blaze
14%
TV Show 1953 Studio One in Hollywood
14%
Film 1995 The Conspiracy of Fear
14%
Film 1975 The Day That Shook the World
14%
TV Film 1992 The First Circle
14%
Short Documentary 1990 The First Emperor of China
14%
Theater 1957 Twelfth Night
14%
Short Documentary 2002 A Child's Century of War
10%
TV Show 1956 Appointment with Adventure
10%
Theater 2012 A Word or Two
10%
Theater 1961-1962 Becket
10%
Documentary 1993 Ben-Hur: The Making of an Epic
10%
Documentary Mini-Series 1999 Celebrate the Century
10%
Theater 1971 Danton's Death
10%
TV Show 1953 Encounter
10%
TV Show 1956 Eye on New York
10%
TV Show 2014 Great Performances
10%
TV Show 1979 Great Performances: Dance in America
10%
TV Mini-Series 2020 Jeopardy! The Greatest of All-Time
10%
Short Documentary 1985 J.W. Morrice
10%
Short Film 2012 Kali, the Little Vampire
10%
Theater 1958 King Henry IV, Part 1
10%
Film 1989 Kingsgate
10%
Documentary Series 2002, 2003, 2006 Life and Times
10%
Documentary 1997 Lost Over Burma: Search for Closure
10%
TV Short 1991 Madeline and the Bad Hat
10%
TV Short 1991 Madeline and the Gypsies
10%
TV Short 1991 Madeline in London
10%
TV Short 1990 Madeline's Christmas
10%
Video Game 1996 Madeline's European Adventure
10%
TV Short 1990 Madeline's Rescue
10%
Documentary Mini-Series 2010 Moguls & Movie Stars: A History of Hollywood
10%
TV Documentary 1983 Movie Blockbusters: The 15 Greatest Hits of All Time
10%
Documentary Series 1986 National Geographic Specialsm
10%
Documentary Series 2003 Nature
10%
TV Show 1960 Our American Heritage
10%
TV Show 1954 Ponds Theater
10%
Theater 1960 Romeo and Juliet
10%
Short Documentary 2004 Supporting Players: Cameo Portraits of an Unforgettable Ensemblenatu
10%
TV Show 1953 Suspense
10%
Documentary 2002 Ted Allan: Minstrel Boy of the Twentieth Centurycen
10%
TV Short 1990 The Little Crooked Christmas Tree
10%
TV Show 1995 The New Adventures of Madeline
10%
TV Short 1987 The Nightingale
10%
TV Show 1977 The Sunday Drama
10%
TV Short 1986 The Tin Soldier
10%
Short Documentary 1963 30 Minutes, Mister Plummer
5%
TV Mini-Series 1976 Arthur Hailey's Moneychangers
5%
Theater 1971-1972 Long Day's Journey into Night
5%
Theater 1983 Parade of Stars
5%
Video Game 1997 Star Trek: Starfleet Academy
5%
Theater 1971-1972 The Rules of the Game
5%
TV Show 1954 The Web
5%
Theater 1958 The Winter's Tale
5%
Short Documentary 2013 Titans of the Ice Age
5%
Short Documentary 1962 Trans-Canada Journey
5%
Film 1976 Acres High
0%
Theater 1967 Antony and Cleopatra
0%
TV Documentary 2001 Lee's Journey
0%
TV Film 1958 Little Month of Alban
0%
TV Mini-Series 2000 Numreberg
0%
Theater 1981 Peccadillo
0%
Video Game 2017 The Long Dark
0%
Film 1967 The Night of the Field Generals
0%
Film 1969 The Royal Hunt for the Sun
0%
Theater 1971-1972 Tyger
0%
Film 2010 Ultraman Zero: The Revenge of Belial
0%
No matching quizzes found
Score Distribution
Percent of People with Each Score
Percentile by Number Answered
Your Score History
You have not taken this quiz since the last reset